| 000 | 01004nam a22003497a 4500 | ||
|---|---|---|---|
| 001 | 0045000 | ||
| 003 | KOHA_MİRAKIL | ||
| 005 | 20260207003430.0 | ||
| 007 | ta | ||
| 008 | 131030b2014 tu |||gr||||#||||0|tur | | ||
| 020 | _a9789755334837 | ||
| 040 |
_aTR-BiSEU _btur _cTR-BiSEU _erda |
||
| 041 | 0 | _atur | |
| 044 | _ctu | ||
| 050 |
_aCB113 _b.S46 2014 |
||
| 100 | 1 | _aŞenel, Alaeddin. | |
| 245 | 1 |
_aKemirgenlerden sömürgenlere : _binsanlık tarihi/ _cAlaeddin Şenel ; Alaeddin Şenel . |
|
| 250 | _a3. Baskı | ||
| 264 | 1 |
_aAnkara : _bİmge Kitabevi _c2014 |
|
| 300 |
_a1107 sayfa ; _c22 cm. |
||
| 336 |
_ametin _btxt _2rdacontent |
||
| 337 |
_aaracısız _bn _2rdamedia |
||
| 338 |
_acilt _bnc _2rdacarrier |
||
| 500 | _aDizin var. | ||
| 650 | 0 |
_aDünya tarihi. _91475 |
|
| 650 | 0 |
_aSosyal tarih. _99677 |
|
| 650 | 0 |
_aUygarlık--Tarih. _925561 |
|
| 650 | 0 |
_aWorld history. _912602 |
|
| 650 | 0 |
_aSocial history. _95478 |
|
| 650 | 0 |
_aCivilization _xHistory. _982958 |
|
| 942 |
_2lcc _cBK |
||
| 999 |
_c44839 _d44839 |
||